[Event "Aragon-chT Honor Gr I"]
[Site "Aragon"]
[Date "2023.03.04"]
[Round "6.10"]
[White "Gella Bitrian, Diego"]
[Black "Escartin Lacasa, Jose"]
[Result "0-1"]
[WhiteElo "2023"]
[BlackElo "2284"]
[PlyCount "90"]
[EventDate "2023.01.28"]
[EventType "team-tourn"]
[EventRounds "7"]
[EventCountry "ESP"]
[SourceTitle "EXT 2024"]
[Source "ChessBase"]
[SourceDate "2023.10.10"]
[SourceVersion "1"]
[SourceVersionDate "2023.10.10"]
[SourceQuality "1"]
[WhiteTeam "Huesca Club Atletismo"]
[BlackTeam "Jaque Aramovil"]
[WhiteTeamCountry "ESP"]
[BlackTeamCountry "ESP"]

1. e4 c5 2. Nf3 Nc6 3. d4 cxd4 4. Nxd4 Nf6 5. Nc3 e5 6. Ndb5 d6 7. Bg5 a6 8. Na3 b5 9. Bxf6 gxf6 10. Nd5 f5 11. exf5 Bxf5 12. c3 Be6 13. Nc2 Bg7 14. Nce3 0-0 15. Bd3 f5 16. 0-0 Ne7 17. Nxe7+ Qxe7 18. Bxf5 Qf7 19. Bxe6 Qxe6 20. Qd5 Qxd5 21. Nxd5 Rab8 22. Rfd1 Rb7 23. Rd2 a5 24. Ne3 b4 25. c4 e4 26. Rxd6 Bxb2 27. Rb1 Bc3 28. Nd5 Rc8 29. Nb6 Rcc7 30. Rbd1 Ra7 31. c5 Rxc5 32. Rd8+ Kf7 33. g3 Bf6 34. R8d7+ Rxd7 35. Rxd7+ Ke6 36. Ra7 Bd4 37. Rxh7 Rc2 38. Rh6+ Kf7 39. Nd5 Rxf2 40. Kh1 Rxa2 41. Rh7+ Kg6 42. Rb7 e3 43. Rd7 Kf5 44. Nf4 Ke4 45. h4 b3 0-1

[Event "Titled Tuesday intern op 13th Sep Late"]
[Site "Chess.com INT"]
[Date "2022.09.13"]
[Round "8"]
[White "Putnam, Liam H"]
[Black "Escartin Lacasa, Jose"]
[Result "1-0"]
[WhiteElo "2196"]
[BlackElo "2277"]
[PlyCount "43"]
[EventDate "2022.09.13"]
[EventType "swiss (blitz)"]
[EventRounds "11"]
[EventCountry "USA"]
[SourceTitle "EXT 2023"]
[Source "ChessBase"]
[SourceDate "2022.10.05"]
[SourceVersion "1"]
[SourceVersionDate "2022.10.05"]
[SourceQuality "1"]

1. e4 c5 2. b3 b6 3. Bb2 Nc6 4. Nf3 Bb7 5. Bc4 e6 6. 0-0 Nf6 7. e5 Nd5 8. Bxd5 exd5 9. Nc3 d4 10. Ne4 Be7 11. c3 Nxe5 12. Nxe5 Bxe4 13. Re1 Bb7 14. cxd4 0-0 15. dxc5 bxc5 16. Rc1 Bf6 17. Rxc5 d6 18. Nc6 Qd7 19. Bxf6 dxc5 20. Ne7+ Kh8 21. Qh5 Rae8 22. Bxg7+ 1-0

[Event "ESP-ch U18 Rapid"]
[Site "Salobrena"]
[Date "2022.08.07"]
[Round "6"]
[White "Sanleon Pravisano, Nieves"]
[Black "Escartin Lacasa, Jose"]
[Result "1-0"]
[WhiteElo "1679"]
[BlackElo "1803"]
[PlyCount "93"]
[EventDate "2022.08.06"]
[EventType "swiss (rapid)"]
[EventRounds "9"]
[EventCountry "ESP"]
[SourceTitle "EXT 2023"]
[Source "ChessBase"]
[SourceDate "2022.10.05"]
[SourceVersion "1"]
[SourceVersionDate "2022.10.05"]
[SourceQuality "1"]

1. d4 d5 2. c4 c6 3. Nf3 Nf6 4. Nc3 e6 5. cxd5 exd5 6. Bg5 Be7 7. e3 0-0 8. Bd3 Re8 9. 0-0 Nbd7 10. h3 Nf8 11. Qc2 Ne4 12. Bf4 Bf5 13. Nxe4 dxe4 14. Bxe4 Bxe4 15. Qxe4 Bd6 16. Qd3 Bxf4 17. exf4 Qd5 18. Rfe1 Ne6 19. g3 Nc5 20. Qa3 Ne4 21. Qb3 Qf5 22. Kg2 b6 23. Re3 Nf6 24. Rae1 Rxe3 25. Rxe3 Nd5 26. Re5 Qg6 27. Kh2 Rd8 28. Qd1 h6 29. Qe2 Qf6 30. Re8+ Kh7 31. Qe4+ g6 32. Rxd8 Qxd8 33. Ne5 Qf6 34. Qc2 c5 35. dxc5 bxc5 36. Qxc5 Qe6 37. Qxa7 Ne7 38. Qd7 Qf6 39. Qe8 Kg7 40. a4 g5 41. Nd7 Qxb2 42. Qf8+ Kg6 43. Ne5+ Kf5 44. Qxf7+ Ke4 45. Qc4+ Kf5 46. g4+ Kf6 47. Qf7# 1-0

[Event "Aragon-chT Honor Gr II"]
[Site "Aragon"]
[Date "2022.02.12"]
[Round "3.18"]
[White "Escartin Lacasa, Jose"]
[Black "Lopez Gracia, Fernando"]
[Result "1/2-1/2"]
[WhiteElo "2315"]
[BlackElo "2281"]
[PlyCount "132"]
[EventDate "2022.01.29"]
[EventType "team-tourn"]
[EventRounds "7"]
[EventCountry "ESP"]
[SourceTitle "EXT 2024"]
[Source "ChessBase"]
[SourceDate "2023.10.10"]
[SourceVersion "1"]
[SourceVersionDate "2023.10.10"]
[SourceQuality "1"]
[WhiteTeam "Jaque Pirenauto"]
[BlackTeam "IberCaja"]
[WhiteTeamCountry "ESP"]
[BlackTeamCountry "ESP"]

1. d4 Nf6 2. Nf3 e6 3. g3 b6 4. Bg2 Bb7 5. c4 Be7 6. Nc3 Ne4 7. Bd2 Nxd2 8. Qxd2 d6 9. Qc2 Nd7 10. 0-0 Qc8 11. e4 0-0 12. Rad1 c5 13. d5 e5 14. Ne1 a6 15. a4 Qc7 16. f4 exf4 17. gxf4 Bf6 18. Nf3 Rae8 19. Rfe1 g6 20. Re2 Bg7 21. Rde1 Bc8 22. Qd3 Nf6 23. e5 Nh5 24. exd6 Qd8 25. Re7 Bf6 26. Qe4 Ng7 27. Qe2 Bf5 28. Rxe8 Rxe8 29. Qd2 Rxe1+ 30. Qxe1 Qxd6 31. Qd2 Nh5 32. Ne2 Bd7 33. b3 Bd8 34. Ne5 Bc7 35. Nxd7 Qxd7 36. Qe3 Qg4 37. a5 bxa5 38. h3 Qh4 39. Qxc5 Qe1+ 40. Kh2 Nxf4 41. Qxc7 Nxe2 42. Qb8+ Kg7 43. Qe5+ f6 44. Qe3 h5 45. d6 h4 46. d7 Qd1 47. d8R Qxd8 48. Qxe2 Qd6+ 49. Kh1 Qb4 50. Qd1 a4 51. bxa4 Qxc4 52. Kh2 Qf4+ 53. Kh1 a5 54. Qd7+ Kh6 55. Qg4 Qc1+ 56. Kh2 Qc7+ 57. Kg1 Qc5+ 58. Kf1 Qc1+ 59. Ke2 Qc2+ 60. Ke1 Qc3+ 61. Kf2 Qc5+ 62. Kf3 Qc3+ 63. Ke2 Qc2+ 64. Ke1 Qc3+ 65. Kd1 Qd3+ 66. Ke1 Qc3+ 1/2-1/2

[Event "Pamplona FNA 2nd"]
[Site "Pamplona"]
[Date "2022.01.07"]
[Round "7"]
[White "Habans Aguerrea, Javier"]
[Black "Escartin Lacasa, Jose"]
[Result "1/2-1/2"]
[WhiteElo "2330"]
[BlackElo "2315"]
[PlyCount "72"]
[EventDate "2022.01.02"]
[EventType "tourn"]
[EventRounds "9"]
[EventCountry "ESP"]
[EventCategory "4"]
[SourceTitle "EXT 2023"]
[Source "ChessBase"]
[SourceDate "2022.10.05"]
[SourceVersion "1"]
[SourceVersionDate "2022.10.05"]
[SourceQuality "1"]

1. d4 d5 2. c4 c6 3. cxd5 cxd5 4. Bf4 Nc6 5. e3 Nf6 6. Nc3 Bg4 7. Qb3 Na5 8. Qa4+ Bd7 9. Qc2 Rc8 10. Bd3 e6 11. Nf3 Bb4 12. 0-0 0-0 13. Rfc1 h6 14. h3 Nc4 15. a3 Bxc3 16. bxc3 Qa5 17. a4 Rc6 18. Ne5 Nxe5 19. Bxe5 Rfc8 20. Ra3 Ne4 21. Bxe4 dxe4 22. Qxe4 f6 23. Bg3 b5 24. Rb1 Rb6 25. Rab3 Qxa4 26. Bf4 Qc4 27. Ra3 a6 28. Rba1 Qc6 29. Qxc6 Rcxc6 30. e4 b4 31. cxb4 Rxb4 32. d5 Rc8 33. dxe6 Bxe6 34. Rxa6 Rxe4 35. Be3 Rc7 36. Ra7 Rec4 1/2-1/2

[Event "Pamplona FNA 2nd"]
[Site "Pamplona"]
[Date "2022.01.04"]
[Round "4"]
[White "Escartin Lacasa, Jose"]
[Black "Luque Saiz, Andres"]
[Result "1/2-1/2"]
[WhiteElo "2315"]
[BlackElo "2260"]
[PlyCount "94"]
[EventDate "2022.01.02"]
[EventType "tourn"]
[EventRounds "9"]
[EventCountry "ESP"]
[EventCategory "4"]
[SourceTitle "EXT 2023"]
[Source "ChessBase"]
[SourceDate "2022.10.05"]
[SourceVersion "1"]
[SourceVersionDate "2022.10.05"]
[SourceQuality "1"]

1. d4 d5 2. Nf3 Nf6 3. c4 c6 4. e3 Bf5 5. cxd5 cxd5 6. Qb3 Qc7 7. Bd2 e6 8. Bb5+ Nc6 9. 0-0 Bd6 10. Bb4 0-0 11. Bxd6 Qxd6 12. Rc1 Rfc8 13. Nbd2 Rab8 14. Qa4 Nd7 15. Bxc6 bxc6 16. Nb3 Be4 17. Nfd2 Bd3 18. Rc3 Bb5 19. Qa5 Qc7 20. a4 Bc4 21. Nxc4 dxc4 22. Qxc7 Rxc7 23. Na5 Rxb2 24. Rxc4 Rb6 25. Rac1 Nb8 26. g3 Kf8 27. e4 Rd7 28. Kg2 Ke7 29. Kf3 Ra6 30. Nb3 Rb6 31. R1c3 Rd6 32. Ke3 g5 33. Na5 e5 34. dxe5 Rh6 35. Kf3 Ra6 36. Nb3 Nd7 37. Kg2 Nxe5 38. Rc5 Nd7 39. R5c4 Ne5 40. Rb4 Rb6 41. Rxb6 axb6 42. f4 gxf4 43. gxf4 Rg6+ 44. Kf2 Rf6 45. Kg3 Rg6+ 46. Kf2 Rf6 47. Kg3 Rg6+ 1/2-1/2

[Event "Pamplona FNA 2nd"]
[Site "Pamplona"]
[Date "2022.01.02"]
[Round "1"]
[White "Escartin Lacasa, Jose"]
[Black "Munoz Pantoja, Miguel Angel"]
[Result "0-1"]
[WhiteElo "2315"]
[BlackElo "2424"]
[PlyCount "78"]
[EventDate "2022.01.02"]
[EventType "tourn"]
[EventRounds "9"]
[EventCountry "ESP"]
[EventCategory "4"]
[SourceTitle "EXT 2023"]
[Source "ChessBase"]
[SourceDate "2022.10.05"]
[SourceVersion "1"]
[SourceVersionDate "2022.10.05"]
[SourceQuality "1"]

1. d4 Nf6 2. Nf3 c5 3. d5 d6 4. Nc3 e5 5. e4 Be7 6. Be2 0-0 7. 0-0 Ne8 8. Nd2 Nd7 9. Nc4 Nb6 10. Ne3 g6 11. a4 a5 12. f4 exf4 13. Rxf4 Bf6 14. Ng4 Bd4+ 15. Kh1 Bxg4 16. Bxg4 Nf6 17. Qe1 Be5 18. Bf3 Nfd7 19. Rh4 Qe7 20. Rh3 Bg7 21. Bh6 Bxh6 22. Rxh6 Ne5 23. Rh3 f5 24. exf5 Rxf5 25. Bg4 Rf4 26. Be6+ Kh8 27. Qe2 Raf8 28. Kg1 Rf2 29. Qxf2 Rxf2 30. Kxf2 Qg5 31. Kg1 Qd2 32. Rf1 Kg7 33. Nb5 Nbc4 34. Nc7 h5 35. Ne8+ Kh6 36. Rg3 Ne3 37. Nxd6 Nxf1 38. Kxf1 Qc1+ 39. Kf2 Qxc2+ 0-1

[Event "World Cup U18 Prel"]
[Site "Tornelo INT"]
[Date "2021.08.20"]
[Round "9"]
[White "Espinoza Solano, Jose Nahum"]
[Black "Escartin Lacasa, Jose"]
[Result "0-1"]
[WhiteElo "2151"]
[BlackElo "2253"]
[PlyCount "40"]
[EventDate "2021.08.16"]
[EventType "swiss (rapid)"]
[EventRounds "10"]
[EventCountry "NET"]
[SourceTitle "CBM 203 Extra"]
[Source "ChessBase"]
[SourceDate "2021.09.30"]
[SourceVersion "1"]
[SourceVersionDate "2021.09.30"]
[SourceQuality "1"]

1. e4 c5 2. Nf3 e6 3. d4 cxd4 4. Nxd4 Nf6 5. Nc3 Nc6 6. Ndb5 d6 7. Bf4 e5 8. Bg5 a6 9. Na3 Be6 10. Nc4 Rb8 11. Nd5 Bxd5 12. Bxf6 Qxf6 13. Qxd5 Nb4 14. Qd2 d5 15. exd5 Rd8 16. Ne3 Bc5 17. Bc4 Bxe3 18. Qxb4 Qxf2+ 19. Kd1 Qxg2 20. Qe1 Qf3+ 0-1

[Event "ESP-ch U18"]
[Site "Salobrena"]
[Date "2021.07.30"]
[Round "8"]
[White "Escartin Lacasa, Jose"]
[Black "Bringas Gomez, Artai"]
[Result "1-0"]
[WhiteElo "2193"]
[BlackElo "2098"]
[PlyCount "51"]
[EventDate "2021.07.26"]
[EventType "swiss"]
[EventRounds "9"]
[EventCountry "ESP"]
[SourceTitle "CBM 203 Extra"]
[Source "ChessBase"]
[SourceDate "2021.09.30"]
[SourceVersion "1"]
[SourceVersionDate "2021.09.30"]
[SourceQuality "1"]

1. d4 d5 2. Nf3 c5 3. c4 cxd4 4. cxd5 Qa5+ 5. Qd2 Qxd5 6. Qxd4 Qxd4 7. Nxd4 Bd7 8. Nc3 Nc6 9. Nxc6 Bxc6 10. e4 e6 11. Be3 Nf6 12. f3 Bb4 13. Be2 0-0 14. Kf2 Nd7 15. Rhd1 Bc5 16. Bb5 Bxe3+ 17. Kxe3 Bxb5 18. Nxb5 Ne5 19. b3 g5 20. Rac1 Rfd8 21. Rxd8+ Rxd8 22. Rc5 Nc6 23. Rxg5+ Kf8 24. Rc5 Rd1 25. Rc2 a6 26. Nc3 1-0

[Event "ESP-ch U18"]
[Site "Salobrena"]
[Date "2021.07.29"]
[Round "6"]
[White "Escartin Lacasa, Jose"]
[Black "Vesga Izeta, Markel"]
[Result "1-0"]
[WhiteElo "2193"]
[BlackElo "1925"]
[PlyCount "71"]
[EventDate "2021.07.26"]
[EventType "swiss"]
[EventRounds "9"]
[EventCountry "ESP"]
[SourceTitle "CBM 203 Extra"]
[Source "ChessBase"]
[SourceDate "2021.09.30"]
[SourceVersion "1"]
[SourceVersionDate "2021.09.30"]
[SourceQuality "1"]

1. d4 Nf6 2. Nf3 g6 3. c4 Bg7 4. Nc3 0-0 5. e4 d6 6. Be3 e5 7. Be2 exd4 8. Nxd4 Re8 9. f3 c6 10. Bf2 d5 11. exd5 cxd5 12. 0-0 Nc6 13. c5 Nh5 14. Qd2 Be5 15. g3 Ng7 16. Rfe1 Ne6 17. Ndb5 a6 18. f4 Bb8 19. Nd4 Ba7 20. Nb3 d4 21. Ne4 Re7 22. f5 gxf5 23. Nf6+ Kg7 24. Bd3 Rc7 25. Nh5+ Kh8 26. Qh6 Qf8 27. Qf6+ Kg8 28. Bxf5 Bd7 29. Re4 Ne7 30. Bxe6 Bxe6 31. Qg5+ Ng6 32. Nf6+ Kh8 33. Bxd4 h6 34. Qh5 Rxc5 35. Nxc5 Bxc5 36. Bxc5 1-0

[Event "Aragon-chT Honor Gr I"]
[Site "Aragon"]
[Date "2021.03.27"]
[Round "3.10"]
[White "Gella Bitrian, Diego"]
[Black "Escartin Lacasa, Jose"]
[Result "1/2-1/2"]
[WhiteElo "2052"]
[BlackElo "2111"]
[PlyCount "102"]
[EventDate "2021.03.13"]
[EventType "team-tourn"]
[EventRounds "7"]
[EventCountry "ESP"]
[SourceTitle "EXT 2024"]
[Source "ChessBase"]
[SourceDate "2023.10.10"]
[SourceVersion "1"]
[SourceVersionDate "2023.10.10"]
[SourceQuality "1"]
[WhiteTeam "Huesca Club Atletismo"]
[BlackTeam "Jaque Pirenauto"]
[WhiteTeamCountry "ESP"]
[BlackTeamCountry "ESP"]

1. e4 c5 2. Nf3 e6 3. d4 cxd4 4. Nxd4 Nf6 5. Nc3 Nc6 6. Ndb5 d6 7. Bf4 e5 8. Bg5 a6 9. Na3 Be6 10. Nc4 Rb8 11. Ne3 Be7 12. Bxf6 Bxf6 13. Ncd5 Bg5 14. Bc4 0-0 15. c3 g6 16. g3 f5 17. f4 exf4 18. exf5 gxf5 19. gxf4 Bxf4 20. Qf3 Bxe3 21. Qxe3 Qh4+ 22. Qg3+ Qxg3+ 23. hxg3 Rbe8 24. 0-0-0 Kg7 25. Nb6 Ne5 26. Bd5 Rf6 27. Rh5 Rg6 28. Bxe6 Rexe6 29. Rxf5 Rxg3 30. Kc2 Rg2+ 31. Kb3 Rh6 32. Nc8 Rhh2 33. Rb1 b5 34. Nxd6 Nd3 35. c4 Rh3 36. cxb5 Nxb2+ 37. Kb4 Nd3+ 38. Kc4 axb5+ 39. Rbxb5 Rg4+ 40. Kd5 Nb4+ 41. Ke6 Rh6+ 42. Kd7 Rd4 43. Rg5+ Rg6 44. Rxg6+ hxg6 45. a4 Nd5 46. a5 Nc3 47. Rb6 Ne4 48. Ke6 Nxd6 49. Rxd6 Ra4 50. Rd5 Kh6 51. Kf6 Rf4+ 1/2-1/2